000 00960nam a22003017a 4500
001 7945
003 FISKH
005 20250814141328.0
008 250814b cb ||||| |||| 00| 0 eng d
020 _a9781338054675
040 _aFISKH
_beng
_cFISKH
_dFISKH
050 _aTA177.M55
082 _a620.001
100 _aMiller, Reagan
245 _aEngineers :
_bBuild models /
_cReagan Miller
250 _aThis edition first published in 2014
260 _aNew York :
_bScholastic,
_c2014
300 _a24 pages :
_bcolor illustrations ;
_c21 cm
505 _aP
520 _aDescribes how engineers use models to help them build planes, automobiles, houses, and other structures, and discusses the different kinds of models.
521 8 _a650
_bLexile
521 8 _aP
_bRaz-Plus
650 _2Picture book
_aScience
650 _2Engineering
_aFamily Room
700 _aParent, Samra
_dillustrator
942 _2ddc
_cBK
_n0
999 _c7945
_d7945